Statistics for Buckethead Discography

Click here to take the quiz!

General Stats

  • This quiz has been taken 22 times
  • The average score is 35 of 330

Answer Stats

TypeYearName% Correct
Album1992Bucketheadland
77%
Album2018Bucketheadland 5-13 10 31
77%
Demo Tape1991Giant Robot
77%
Album1994Giant Robot
77%
Album1998Colma
69%
Album2002Electric Tears
69%
Album2011It's Alive
69%
Album2006Crime Slunk Scene
62%
Album2005Enter the Chicken
62%
Album2014Hold Me Forever (In memory of my mom Nancy York Carroll)
62%
Album2008Albino Slug
54%
Album2003Bucketheadland 2
54%
Album2012Electric Sea
54%
Album1999Monsters and Robots
54%
Album2012Racks
54%
Album2005Inbred Mountain
46%
Album20113 Foot Clearance
38%
Special Release Album2007Acoustic Shards
38%
Album2010Captain Eo's Voyage
38%
Album2014Claymation Courtyard
38%
Album2007Decoding the Tomb of Bansheebot
38%
Album2009A Real Diamond in the Rough
31%
Album2013It Smells Like Frogs
31%
Album2004Population Override
31%
Album2006The Elephant Man's Alarm Clock
31%
Album2013The Spirit Winds
31%
Album2014Celery
23%
Album2015Crumple
23%
Album2009Forensic Follies
23%
Album2017Guillotine Furnace
23%
Album2015Heaven is your Home (For my Father, Thomas Manley Carroll)
23%
Album2004Island of Lost Minds
23%
Album2005Kaleidoscalp
23%
Album2011Look Up There
23%
Album2009Needle in a Slunk Stack
23%
Album2007Pepper's Ghost
23%
Album2013Pike 13
23%
Album2015Project Little Man
23%
Album2013Pumpkin
23%
Album2015Rooms of Illusions
23%
Album2010Shadows Between the Sky
23%
Album2013Spiral Trackway
23%
Album2013Teeter Slaughter
23%
Album2013Thaw
23%
Album2013The Boiling Pond
23%
Album2004The Cuckoo Clocks of Hell
23%
Album2013The Mark of Davis
23%
Album2014Ydrapoej
23%
Album2014You Can't Triple Stamp a Double Stamp
23%
Album20157 Days Til Halloween: Cavernous
15%
Album2014Abandoned Slaughterhouse
15%
Album2012Balloon Cement
15%
Album2014Bumbyride Dreamlands
15%
Album2014Citacis
15%
Album2014Coaster Coat
15%
Album2016Coupon
15%
Album2014Cycle
15%
Album2014Dreamless Slumber
15%
Album2018Dreamthread
15%
Album2014Factory
15%
Album2013Forgotten Library
15%
Album2013Halls of Dimension
15%
Album2015Hornet
15%
Box Set2007In Search of The
15%
Live Album2018Live in Bucketheadland
15%
Album2012March of the Slunks
15%
Album2014Monument Valley
15%
Album2015Old Toys
15%
Album2014Outlined for Citacis
15%
Album2015Pike Doors
15%
Album2014Polar Trench
15%
Album2017Poseidon
15%
Album2013Propellar
15%
Album2014Rainy Days
15%
Album2015Screen Door
15%
Album2015Shaded Ray
15%
Album2009Slaughterhouse on the Prarie
15%
Album2015Solar Sailcraft
15%
DVD2018Soothsayer
15%
Album2013Sphere Facade
15%
Album2010Spinal Clock
15%
Album2015Squid Ink Lodge
15%
Album2013The Astrodome
15%
Album2014The Coats of Claude
15%
Album1996The Day of the Robot
15%
Album2014The Frankensteins Monsters Blinds
15%
Album2014The Miskatonic Scale
15%
Album2013The Pit
15%
Album2012The Shores of Molokai
15%
Album2014The Time Travelers Dream
15%
Album2015Trace Candle
15%
Album2015Wall to Wall Cobwebs
15%
Album2014Whirlpool
15%
Album2013Wishes
15%
Album2013Worms for the Garden
15%
DVD2006Young Buckethead Vol. 1
15%
DVD2006Young Buckethead Vol. 2
15%
Album201510 Days Til Halloween: Residue
8%
Album201511 Days Til Halloween: Reflection
8%
Album201512 Days Til Halloween: Face Sling Shot
8%
Album201513 Days Til Halloween: Maple Syrup
8%
Album201514 Days Til Halloween: Voice From The Dead Forest
8%
Album201515 Days Til Halloween: Grotesques
8%
Album201516 Days Til Halloween: Cellar
8%
Album201517 Days Til Halloween: 1079
8%
Album201518 Days Til Halloween: Blue Squared
8%
Album201519 Days Til Halloween: Light in Window
8%
Album201520 Days Til Halloween: Forgotten Experiment
8%
Album201521 Days Til Halloween: Cement Decay
8%
Album201622222222
8%
Album201522 Days Til Halloween: I Got This Costume From The Sears Catalog
8%
Album201523 Days Til Halloween: Wax
8%
Album201524 Days Til Halloween: Screaming Scalp
8%
Album201525 Days Til Halloween: Window Fragment
8%
Album201526 Days Til Halloween: Bogwitch
8%
Album201527 Days Til Halloween: Cavern Guide
8%
Album201528 Days Til Halloween: The Insides of the Outsides
8%
Album201529 Days Til Halloween: Blurmwood
8%
Album20152 Days Til Halloween: Cold Frost
8%
Album201530 Days Til Halloween: Swollen Glasses
8%
Album2015365 Days Til Halloween: Smash
8%
Album20153 Days Til Halloween: Crow Hedge
8%
Album20154 Days Til Halloween: Silent Photo
8%
Album20155 Days Til Halloween: Scrapbook Front
8%
Album20156 Days Til Halloween: Underlair
8%
Album20158 Days Til Halloween: Flare Up
8%
Album20159 Days Til Halloween: Eye on Spiral
8%
Album2017A3
8%
Album2002Bermuda Triangle
8%
Album2017Bozo in the Labyrinth
8%
Album2016Buildor
8%
Album2014Caterpillar
8%
Album2014City of Ferris Wheels
8%
Album2014Closed Attractions
8%
Album2013Coat of Charms
8%
Album2017Decaying Parchment
8%
Album2015Digging Under the Basement
8%
Album2016Drift
8%
Album2015Elevator
8%
Album2011Empty Space
8%
Album2017Far
8%
Album2013Feathers
8%
Album2014Final Bend of the Labyrinth
8%
Album2015Fog Gardens
8%
Album2014Footsteps
8%
Album2015Forever Lake
8%
Album2018Forneau Cosmique
8%
Album2002Funnel Weaver
8%
Album2014Geppetos Trunk
8%
Album2017Glacier
8%
Demo Tape1995Grab Bag#1
8%
Demo Tape1996Grab Bag#2
8%
Demo Tape1998Grab Bag#3
8%
Album2015Half Circle Bridge
8%
Album2015Happy Halloween: Silver Shamrock
8%
Album2015Haunted Roller Coaster Chair
8%
Album2020Healing Inside Outside Every Side
8%
Album2015Herbie Climbs a Tree
8%
Album2014Hide In The Pickling Jar
8%
Album2015Hideous Phantasm
8%
Album2013Hollowed Out
8%
Album2014Interstellar Slunk
8%
Album2015Kareem's Footprint
8%
Album2014Leave the Light On
8%
Album2015Louzenger
8%
Album2013Mannequin Cemetery
8%
Album2015Marble Monsters
8%
Album2014Night Gallery
8%
Album2014Northern Lights
8%
Album2015Observation
8%
Album2016Oneiric Pool
8%
Album2014Our Selves
8%
Album2017Out Orbit
8%
Album2014Outpost
8%
Album2013Pancake Heater
8%
Album2020Pike 277
8%
Album2020Pike 278
8%
Album2020Pike 279
8%
Album2020Pike 280
8%
Album2020Pike 281
8%
Album2020Pike 282
8%
Album2020Pike 283
8%
Album2014Pike 43
8%
Album2014Pike 78
8%
Album2013Pikes
8%
Album2014Pilot
8%
Album2014Pitch Dark
8%
Album2015Quilted
8%
Album2015Rain Drops on Christmas
8%
Album2015Region
8%
Album2013Rise of the Blue Lotus
8%
Album2014Roller Coaster Track Repair
8%
DVD2005Secret Recipe
8%
Album2013Slug Cartilage
8%
Album2014Snow Slug
8%
Album2001Somewhere Over the Slaughterhouse
8%
Album2017Space Viking
8%
Album2016Sparks in the Dark
8%
Album2013Splatters
8%
Album2015Sunken Parlor
8%
Album2013Telescape
8%
Album2013Thank You Ohlinger's
8%
Album2015The Cellar Yawns
8%
Album2015The Moltrail
8%
Album2012The Silent Picture Book
8%
Album2014The Splatterhorn
8%
Album2015Tucked Into Dreams
8%
Album2014Twilight Constrictor
8%
Album2013Twisterlend
8%
Album2011Underground Chamber
8%
Album2015Upside Down Skyway
8%
Album2015Vacuum
8%
Album2013View Master
8%
Album2014Walk in Loset
8%
Album2014Yarn
8%
Album2017250
0%
Album201531 Days Til Halloween: Visitor From the Mirror
0%
Album2017Abominable Snow Scalp
0%
Album2017Adrift in Sleepwakefullness
0%
Album2015A Ghost Took My Homework
0%
Album2015Along the River Bank
0%
Album2015Ancient Lens
0%
Album2014Aquarium
0%
Album2016Arcade of the Deserted
0%
Album2014Assignment 033-33
0%
Album2016Attic Garden
0%
Album2014Backwards Chimney
0%
Album2015Bats in the Lite Brite
0%
Album2015Blank Bot
0%
Album2017Blank State
0%
Album2015Blue Tide
0%
Demo Tape1991Bucketheadland Blueprints
0%
Reissued Demo Tape2007Bucketheadland Blueprints
0%
Album2016Cabs
0%
Album2015Carnival Cutouts
0%
Album2014Carnival of Cartilage
0%
Album2015Carrotcature
0%
Album2016Castle on Slunk Hill
0%
Album2014Category of Whereness
0%
Album2015Chamber of Drawers
0%
Album2016Chart
0%
Album2015Chickencoopscope
0%
Album2015Collect Itself
0%
Album2017Coniunctio
0%
Album2017Coop Erstown
0%
Album2016Cove Cloud
0%
Album2015Creaky Doors and Creaky Floors
0%
Album2015Crest of the Hill
0%
Album2014Cutout Animatronic
0%
Album2007Cyborg Slunks
0%
Album2015Down in the Bayou Part One
0%
Album2015Down in the Bayou Part Two
0%
Album2016Dragging the Fence
0%
Album2017Echo
0%
Album2015Embroidery
0%
Album2017Ferry to the Island of Lost Minds
0%
Album2015Firebolt
0%
Album2016Florrmat
0%
Album2015Forest Bamboo
0%
Album2015Four Forms
0%
Special Release Album2008From the Coop
0%
Album2015Ghoul
0%
Album2015Giant Claw
0%
Album2015Glow in the Dark
0%
Album2014Grand Gallery
0%
Album2016Hamdens Hollow
0%
Album2016Happy Birthday MJ 23
0%
Album2015Hats and Glasses
0%
Collaborative DVD2007Headcheese
0%
Album2015Herbie Theatre
0%
Album2014Infinity Hill
0%
Album2015Infinity of the Spheres
0%
Album2014In the Hollow Hills
0%
Album2015Invisable Forest
0%
EP2001KFC Skin Piles
0%
Album2015Land of Miniatures
0%
Album2015Last Call for the E.P. Ripley
0%
Album2015Last House on Slunk Street
0%
Album2016Lightboard
0%
Album2014Listen for the Whisper
0%
Album2014Magic Lantern
0%
Album2017Meteor Firefly Net
0%
Album2016Mirror Realms
0%
Album2015Nautical Nightmares
0%
Album2017Nettle
0%
Album2017Nib Y Nool
0%
Album2015Night of the Snowmole
0%
Album2015Ognarader
0%
Album2015Orange Tree
0%
Album2016Out of the Attic
0%
Album2015Paint to the Tile
0%
Album2014Passageways
0%
Album2013Person's Square
0%
Album2015Popcorn Shells
0%
Album2017Portal to the Red Waterfall
0%
Collaborative DVD2007Quackers!
0%
Album2014Red Pepper Restaurant
0%
Album2017Ride Operator Q Bozo
0%
Album2017River in the Seas
0%
Album2016Rooftop
0%
Album2015Rotten Candy Cane
0%
Album2016Santa's Toy Workshop
0%
Album2015Scream Sundae
0%
Album2015Scroll of Vegetable
0%
Album2015Shapeless
0%
Album2015Sideway Streets
0%
Album2017Sonar Rainbow
0%
Album2014Sublunar
0%
Album2015Teflecter
0%
Album2015The Blob
0%
Album2016The Creaking Stairs
0%
Album2016The Five Blocks
0%
Album2015The Left Panel
0%
Album2016The Mermaid Stairwell
0%
Album2014The Mighty Microscope
0%
Album2017The Moss Lands
0%
Album2015The Other Side of the Dark
0%
Album2017The Squaring of the Circle
0%
Album2015The Windowsill
0%
Album2015The Wishing Brook
0%
Album2017Thoracic Spine Collapser
0%
Album2015Tourist
0%
Album2015Twisted Branches
0%
Album2017Undersea Dead City
0%
Album2015Washed Away
0%
Album2017Waterfall Cove
0%
Album2015Weird Glows Gleam
0%
Album2015Wheels of Ferris
0%
Album2015Whisper Track
0%
Album2017Woven Twigs
0%

Score Distribution

Percentile by Number Answered

Percent of People with Each Score

Your Score History

You have not taken this quiz